000 00293nam a22001337a 4500
008 170407b xxu||||| |||| 00| 0 eng d
020 _a9780683027204
041 _aeng
080 _a611.018
100 _a9
101 _aSHM
245 _aHIGH-YIELD HISTOLOGY
_cDUDEK, R.W
942 _2udc
_cBK
999 _c10204
_d10204